[Event "COL-ch Amateur U1700"]
[Site "Paipa"]
[Date "2020.02.28"]
[Round "5"]
[White "Arevalo Munar, Stephania"]
[Black "Corredor, Oscar Julian"]
[Result "0-1"]
[WhiteElo "1401"]
[BlackElo "1312"]
[PlyCount "28"]
[EventDate "2020.02.26"]
[EventType "swiss"]
[EventRounds "9"]
[EventCountry "COL"]
[SourceTitle "EXT 2021"]
[Source "ChessBase"]
[SourceDate "2020.10.23"]
[SourceVersion "1"]
[SourceVersionDate "2020.10.23"]
[SourceQuality "1"]

1. e4 e5 2. Nf3 Nf6 3. d3 Nc6 4. Bg5 Be7 5. Nc3 0-0 6. Qd2 d5 7. exd5 Nxd5 8. Nxd5 Bxg5 9. Nxg5 Qxd5 10. 0-0-0 h6 11. Nf3 Qxa2 12. c3 Be6 13. Be2 Bb3 14. Rdf1 Qa1# 0-1

[Event "COL-ch Visually disabled"]
[Site "Cartagena"]
[Date "2019.12.03"]
[Round "2.14"]
[White "Corredor, Oscar Julian"]
[Black "Renteria Mena, Dacier"]
[Result "0-1"]
[WhiteElo "1312"]
[BlackElo "1607"]
[PlyCount "90"]
[EventDate "2019.12.03"]
[EventType "swiss"]
[EventRounds "7"]
[EventCountry "COL"]
[SourceTitle "EXT 2024"]
[Source "ChessBase"]
[SourceDate "2023.10.10"]
[SourceVersion "1"]
[SourceVersionDate "2023.10.10"]
[SourceQuality "1"]

1. d4 Nf6 2. c4 e6 3. Nf3 Be7 4. Nc3 a6 5. g3 d6 6. Bg2 Nc6 7. 0-0 0-0 8. e4 Re8 9. a3 Bd7 10. b4 Na7 11. Qe2 c6 12. Bb2 b5 13. c5 d5 14. Ne5 Qc7 15. f4 Rad8 16. Rad1 Bc8 17. g4 Nd7 18. Nd3 dxe4 19. Bxe4 Nf6 20. Ne5 Nd5 21. Bc2 Bf6 22. Ne4 g6 23. Bb3 Bg7 24. Nd6 Re7 25. f5 Bxe5 26. dxe5 exf5 27. gxf5 Rxd6 28. cxd6 Qxd6 29. exd6 Rxe2 30. Ba1 Bxf5 31. Rfe1 Rxe1+ 32. Rxe1 Kf8 33. Bxd5 cxd5 34. Bf6 Nc6 35. Rd1 Be6 36. d7 Bxd7 37. Rxd5 Ke8 38. h4 h5 39. Rd2 Be6 40. Rd6 Bd7 41. Rd2 Ne7 42. Rd6 Be6 43. Rxa6 Nf5 44. Ra7 Bc4 45. Rc7 Nd6 0-1

[Event "Tunja Boyaca op-B"]
[Site "Tunja"]
[Date "2019.08.03"]
[Round "6"]
[White "Corredor Agamez, Michelle"]
[Black "Corredor, Oscar Julian"]
[Result "0-1"]
[WhiteElo "1142"]
[BlackElo "1318"]
[PlyCount "94"]
[EventDate "2019.07.31"]
[EventType "swiss"]
[EventRounds "9"]
[EventCountry "COL"]
[SourceTitle "EXT 2020"]
[Source "ChessBase"]
[SourceDate "2019.10.17"]
[SourceVersion "1"]
[SourceVersionDate "2019.10.17"]
[SourceQuality "1"]

1. e4 c5 2. Nf3 e6 3. Nc3 a6 4. d4 cxd4 5. Nxd4 Nc6 6. Be3 Nf6 7. Nf3 d5 8. e5 Nd7 9. a3 Be7 10. Bd4 0-0 11. Be2 Qc7 12. 0-0 Nxd4 13. h3 Rd8 14. Na4 Nxe5 15. Nxd4 b5 16. Nc3 Bb7 17. Bd3 Nxd3 18. Qxd3 Rac8 19. f4 b4 20. axb4 Bxb4 21. Nce2 Bc5 22. Rf2 f6 23. b4 Ba7 24. Kh1 e5 25. fxe5 fxe5 26. Ne6 Qd7 27. Nxd8 Bxf2 28. Nxb7 Qxb7 29. Rxa6 e4 30. Qa3 Qb5 31. Ra8 Rxa8 32. Qxa8+ Kf7 33. c4 Qxc4 34. Qb7+ Kf6 35. Kh2 Qxe2 36. Qc6+ Kg5 37. Qxd5+ Kh6 38. Qd6+ g6 39. Qf8+ Kg5 40. Qd8+ Kf4 41. Qf6+ Ke3 42. Qc3+ Qd3 43. Qc5+ Ke2 44. Qg5 Bg3+ 45. Qxg3 Qxg3+ 46. Kxg3 Kd2 47. Kf2 e3+ 0-1

[Event "Tunja Boyacense op"]
[Site "Tunja"]
[Date "2018.12.13"]
[Round "1"]
[White "Pereira Vera, Henry Alberto"]
[Black "Corredor, Oscar Julian"]
[Result "1-0"]
[WhiteElo "1865"]
[BlackElo "1585"]
[PlyCount "71"]
[EventDate "2018.12.13"]
[EventType "swiss"]
[EventRounds "7"]
[EventCountry "COL"]
[SourceTitle "CBM 187 Extra"]
[Source "ChessBase"]
[SourceDate "2018.11.04"]
[SourceVersion "1"]
[SourceVersionDate "2018.11.04"]
[SourceQuality "1"]

1. b3 Nf6 2. Bb2 e6 3. Nf3 b6 4. e3 Bb7 5. Be2 Be7 6. 0-0 0-0 7. d3 c5 8. Nbd2 Nc6 9. Nc4 Qc7 10. a4 Rfd8 11. h3 d6 12. Re1 Nd7 13. Bf1 h6 14. g3 Nb4 15. Bg2 Bf6 16. c3 d5 17. Na3 a6 18. Qe2 Nc6 19. d4 Rac8 20. Rac1 Ne7 21. Red1 Ng6 22. Nh2 Re8 23. Ng4 Be7 24. f4 Nf6 25. Nf2 Bd6 26. Nb1 Ne7 27. g4 Nh7 28. Nd2 Qd7 29. Nd3 f6 30. c4 b5 31. dxc5 Bxc5 32. Nxc5 Rxc5 33. axb5 axb5 34. b4 Rc7 35. c5 Nc6 36. Qxb5 1-0